Normal view
MARC view
- Militar Terms
Entry Topical Term
001 - CONTROL NUMBER
- control field: 106143
003 - CONTROL NUMBER IDENTIFIER
- control field: NUST
005 - DATE AND TIME OF LATEST TRANSACTION
- control field: 20221227191624.0
008 - FIXED-LENGTH DATA ELEMENTS
- fixed length control field: 221227|| aca||aabn | a|a d
040 ## - CATALOGING SOURCE
- Original cataloging agency: NUST
- Transcribing agency: NUST
150 ## - HEADING--TOPICAL TERM
- Topical term or geographic name entry element: Militar Terms
670 ## - SOURCE DATA FOUND
- Source citation: Work cat.: (NUST)185623: Creswell H.T 106141, A Dictionary of Military terms /, 1942
